[Event "OGD Prinsenstad-toernooi - A groep"]
[Site "Delft"]
[Date "2015.04.04"]
[Round "3.2"]
[White "Kravtsiv, Martyn"]
[Black "Reinderman, Dimitri"]
[Result "1-0"]
[WhiteElo "2583"]
[BlackElo "2574"]
[Annotator "Dimitri Reinderman"]
[PlyCount "115"]
[EventDate "2015.04.03"]
[EventType "swiss"]
[EventRounds "6"]
[EventCountry "NED"]
[Source "DSC"]
[SourceDate "2015.07.04"]

1. e4 d6 2. d4 Nf6 3. Nc3 e5 4. dxe5 dxe5 5. Qxd8+ Kxd8 6. Bg5 Be6 7. O-O-O+
Nbd7 8. f4 exf4 9. Nf3 h6 10. Bxf4 Ng4 11. Rd2 Bc5 12. Nd4 Bxd4 13. Rxd4 Kc8
14. Nb5 Nge5 15. Rxd7 Nxd7 16. Nxc7 Rb8 17. Nxe6 fxe6 18. Bxb8 Kxb8 19. Bc4 Re8
20. Kd2 Ne5 21. Be2 Kc7 22. Ke3 Kd6 23. Rd1+ Ke7 24. Rd4 Rc8 25. c3 Nc6 26. Rd1
Ne5 27. h3 Rc7 28. Rc1 Kd6 29. c4 Kc5 30. a3 a5 31. b3 Rd7 32. Rf1 Nc6 33. Rf8
Kd6 34. Re8 Ke5 35. Ra8 Kd6 36. Bh5 Rd8 37. Rxd8+ Nxd8 38. Be8 e5 39. b4 axb4
40. axb4 b6 {Diagram #} {Is dit gewonnen voor wit of niet? Het is niet
makkelijk voor de witte koning om toegang te krijgen. Zwart kan zijn paard op
d4 zetten waarna b5 ontoegankelijk is. Pion naar c5 en als zwart slaat andere
pion naar b5, koning naar c4 is een optie, maar de Oekraïner probeert het via
de andere kant, en waarschijnlijk is dat goed genoeg.} 41. Kf3 $5 Ne6 ({Met} 
41... Ke7 42. Ba4 Ne6 43. Kg4 Kf6 {houdt zwart de witte koning buiten, maar de
doorbraak met c5 en b5 kan dan weer vervelend zijn, zeker omdat de zwarte
koning dan ver weg staat.}) 42. Kg4 Nf4 (42... Ke7 {is te laat, wit speelt} 43.
Kf5 $1) (42... Nd4 43. Kh5 Ke7 44. Ba4 Kf6 45. c5 {leek me ook niet goed.}) 43.
g3 Nd3 44. Kf5 Nxb4 {In ieder geval even de pion terug.} 45. Kg6 Ke7 46. Bb5 {
Diagram #} Nd3 (46... Kf8 47. Kf5 Nd3 {was eerst mijn plan. Wit kan zijn
koning naar e6 spelen en dat beviel me al niet, maar helemaal duidelijk is dat
niet, de mogelijkheid Pf2 geeft zwart tegenkansen.} {De computer pakt het nog
iets slimmer aan: eerst pion op h5 zetten en dan pas de koning naar e6. Een
loperdriehoekje helpt hierbij, zie deze variant:} 48. h4 Kf7 49. h5 Ke7 50. Bc6
Kf7 51. Ba8 Ke7 52. Bd5 Kf8 53. Ke6 Ke8 54. Bc6+ Kf8 55. Bb5 {etc.}) 47. Kxg7
h5 48. Kg6 Nf2 49. Kxh5 Nxe4 50. g4 {Diagram #} Nc3 $2 (50... Nf2 {is beter.}
51. g5 Nxh3 52. g6 Nf2 $1 53. Kh6 Ng4+ {ziet er remise uit, net als}) (50...
Nf2 51. h4 Kf6 $1) ({Alleen} 50... Nf2 51. Kh4 {
wint, maar niet zo makkelijk als in de partij.}) 51. Kg5 Ne4+ 52. Kf5 Nf2 53.
h4 e4 54. Bc6 e3 55. Bf3 Nd3 56. Ke4 Ne1 57. Kxe3 Ke6 58. Be4 1-0

[Event "OGD Prinsenstad-toernooi - A groep"]
[Site "Delft"]
[Date "2015.04.04"]
[Round "3.3"]
[White "L'Ami, Erwin"]
[Black "Van Dijk, Harold"]
[Result "0-1"]
[WhiteElo "2601"]
[BlackElo "2295"]
[Annotator "Dimitri Reinderman"]
[PlyCount "130"]
[EventDate "2015.04.03"]
[EventType "swiss"]
[EventRounds "6"]
[EventCountry "NED"]
[Source "DSC"]
[SourceDate "2015.07.04"]

1. d4 Nf6 2. c4 g6 3. Nc3 Bg7 4. e4 d6 5. Nf3 O-O 6. Be2 c5 7. O-O Nc6 8. d5
Na5 9. h3 e5 10. a3 b6 11. b4 Nb7 12. Ne1 Ne8 13. Nd3 f5 14. Rb1 Qh4 15. f3 f4
16. Rf2 Qe7 17. Bf1 h5 18. Rfb2 g5 19. Kf2 g4 20. hxg4 hxg4 21. Ke2 Rf6 22. Kd2
Rh6 23. Kc2 g3 24. Kb3 Rh1 25. Bd2 Bd7 26. Ka2 cxb4 27. Nxb4 Na5 28. Nc6 Bxc6
29. dxc6 Qf7 30. Nd5 Nxc6 31. Qa4 Rc8 32. Bd3 Rxb1 33. Rxb1 Nd4 34. Rh1 Ne6 35.
Qa6 Rc6 36. c5 Rxc5 37. Bb4 N6c7 38. Qb7 Rxd5 39. exd5 e4 40. Bxe4 Qf6 41. Rb1
Qd4 42. Qc6 a5 43. Be1 b5 44. Bxa5 Qf2+ 45. Qc2 Qa7 46. Bc3 Nf6 47. Qb2 Kf7 48.
Bd4 Qa4 {Wit staat een gezonde kwaliteit voor, daarnaast is de penning op de
lange diagonaal vervelend voor zwart. Toch is het (ondanks de
computerbeoordeling, rond de +4 na normale zetten) niet heel makkelijk
gewonnen omdat de witte koning niet heel veilig staat. Wat Erwin nu speelde
vond ik een beetje raar, hij geeft de loper op die toch heel nuttig leek te
staan.} 49. Bxf6 Bxf6 50. Qc2 Qa7 {Nog steeds is het gewonnen voor wit, maar
zwart heeft nu wel de lange diagonaal in bezit.} 51. Rh1 b4 52. Rh7+ Kg8 53. a4
Bc3 54. Bf5 Bg7 55. Kb3 Qd4 $5 (55... Qd4 {dreigt eigenlijk niets, en vooral}
56. a5 $1 {was hier sterk, maar met weinig tijd toch een vervelende zet. L`Ami
haalt zijn toren bij de verdediging, begrijpelijk.}) 56. Rh1 Kf8 57. Rd1 Qe5
58. Be4 Bf6 59. a5 Nb5 60. Qd2 $2 {Tegen Pd4+ gericht.} (60. a6 Nd4+ 61. Rxd4
Qxd4 {
is niet zo makkelijk te beoordelen in een paar seconden, maar is helemaal uit.}
) (60. Kxb4 {lijkt me de meest praktische zet.}) 60... Nc3 61. Rh1 $2 {
Wit had de kwaliteit terug moeten geven, maar winst zit er dan niet meer in.}
Qe8 $1 (61... Qe8 {Opeens dreigt een heel vervelend schaakje op a4.} {Alleen}
62. Ra1 {voorkomt dat, maar verliest een toren na} Nxe4 {
(al was dat nog wel de beste kans).}) 62. Kc2 $2 Qa4+ 63. Kd3 Qb5+ 64. Kc2 b3+
$1 65. Kc1 Qxa5 {Hier ging wit geloof ik door zijn vlag, maar na} (65... Qxa5
66. Qb2 Nxe4 67. Qxb3 Qa1+ 68. Kc2 Qxh1 {is het evengoed verloren.}) 0-1

[Event "OGD Prinsenstad-toernooi - A groep"]
[Site "Delft"]
[Date "2015.04.04"]
[Round "3.4"]
[White "De Jong, Migchiel"]
[Black "Van den Doel, Erik"]
[Result "1/2-1/2"]
[WhiteElo "2330"]
[BlackElo "2553"]
[PlyCount "68"]
[EventDate "2015.04.03"]
[EventType "swiss"]
[EventRounds "6"]
[EventCountry "NED"]
[Source "DSC"]
[SourceDate "2015.07.04"]

1. e4 e5 2. Nf3 Nc6 3. Bb5 a6 4. Ba4 Nf6 5. d3 Bc5 6. Bxc6 dxc6 7. Be3 Qd6 8.
Nc3 Bg4 9. h3 Bh5 10. g4 Bg6 11. Qd2 Bb4 12. a3 Ba5 13. b4 Bb6 14. Bxb6 cxb6
15. Qe3 Nd7 16. Nh4 b5 17. O-O a5 18. Nf5 Bxf5 19. exf5 O-O 20. Ne4 Qe7 21. c3
Nf6 22. Nxf6+ Qxf6 23. Rfe1 Rfd8 24. Rad1 h5 25. Qxe5 axb4 26. Qxf6 gxf6 27.
axb4 Ra3 28. Re7 Rxc3 29. Rxb7 hxg4 30. hxg4 Rcxd3 31. Rxd3 Rxd3 32. Rc7 Rc3
33. Kg2 Kg7 34. f3 Rc4 1/2-1/2

[Event "OGD Prinsenstad-toernooi - A groep"]
[Site "Delft"]
[Date "2015.04.04"]
[Round "3.5"]
[White "Miedema, David"]
[Black "Haslinger, Stewart"]
[Result "0-1"]
[WhiteElo "2324"]
[BlackElo "2526"]
[PlyCount "80"]
[EventDate "2015.04.03"]
[EventType "swiss"]
[EventRounds "6"]
[EventCountry "NED"]
[Source "DSC"]
[SourceDate "2015.07.04"]

1. d4 d5 2. c4 c6 3. Nc3 Nf6 4. e3 g6 5. Nf3 Bg7 6. Bd3 O-O 7. O-O a6 8. a4 a5
9. b3 Bg4 10. h3 Bxf3 11. Qxf3 e6 12. Ba3 Re8 13. Rad1 Na6 14. e4 dxe4 15. Bxe4
Qb6 16. Bc2 Rad8 17. c5 Qc7 18. Rfe1 Nb4 19. Bb1 Nbd5 20. Na2 e5 21. Bb2 e4 22.
Bxe4 Qe7 23. Bd3 Qxe1+ 24. Rxe1 Rxe1+ 25. Kh2 Rde8 26. Nc3 Nb4 27. Bc4 h5 28.
Nd1 Nbd5 29. Bc1 R1e4 30. Be3 h4 31. Bd3 R4e6 32. Bg5 Ne4 33. Be3 Nxe3 34. fxe3
Bh6 35. Qg4 Nd2 36. Bf5 Nf1+ 37. Kg1 Nxe3 38. Nxe3 Bxe3+ 39. Kh1 Rf6 40. Bd3
Bf2 0-1

[Event "OGD Prinsenstad-toernooi - A groep"]
[Site "Delft"]
[Date "2015.04.04"]
[Round "3.6"]
[White "Slingerland, Fred"]
[Black "Barendse, Ted"]
[Result "1-0"]
[WhiteElo "2300"]
[BlackElo "2107"]
[PlyCount "119"]
[EventDate "2015.04.03"]
[EventType "swiss"]
[EventRounds "6"]
[EventCountry "NED"]
[Source "DSC"]
[SourceDate "2015.07.04"]

1. e4 e6 2. d4 d5 3. Nc3 Bb4 4. e5 c5 5. Bd2 Ne7 6. a3 Bxc3 7. Bxc3 b6 8. f4
O-O 9. Nf3 Ba6 10. Bxa6 Nxa6 11. Qd3 Nb8 12. O-O Nbc6 13. Rfd1 Nf5 14. Kh1 cxd4
15. Bxd4 Nfxd4 16. Nxd4 Nxd4 17. Qxd4 Rc8 18. c3 Rc4 19. Qe3 Re4 20. Qd2 f6 21.
exf6 Qxf6 22. g3 g5 23. Re1 gxf4 24. Rxe4 dxe4 25. gxf4 Qxf4 26. Rg1+ Kh8 27.
Qxf4 Rxf4 28. Rg3 Rf2 29. b3 Rd2 30. Kg1 e5 31. a4 a6 32. Re3 Kg7 33. Rxe4 Kf6
34. Rb4 Rd6 35. Kf2 Kf5 36. Ke3 Rh6 37. h4 Rg6 38. h5 Rg3+ 39. Kd2 Rg2+ 40. Kd1
Rg1+ 41. Ke2 Rg2+ 42. Kf1 Rc2 43. c4 e4 44. Rxb6 a5 45. Rb7 h6 46. Rb6 Kg5 47.
Re6 Rc3 48. Rxe4 Rxb3 49. Re5+ Kg4 50. Rxa5 Rc3 51. Rc5 Rc2 52. a5 Kf4 53. Ke1
Ke4 54. a6 Ra2 55. Rc6 Kd4 56. Rxh6 Kxc4 57. Rg6 Ra5 58. h6 Re5+ 59. Kf2 Re8
60. h7 1-0

[Event "OGD Prinsenstad-toernooi - A groep"]
[Site "Delft"]
[Date "2015.04.04"]
[Round "3.7"]
[White "Peng, Zhaoqin"]
[Black "Steffens, Olaf"]
[Result "1-0"]
[WhiteElo "2378"]
[BlackElo "2240"]
[PlyCount "99"]
[EventDate "2015.04.03"]
[EventType "swiss"]
[EventRounds "6"]
[EventCountry "NED"]
[Source "DSC"]
[SourceDate "2015.07.04"]

1. d4 b5 2. e4 Bb7 3. Bxb5 Bxe4 4. Nf3 e6 5. O-O Nf6 6. c4 Be7 7. Nc3 Bb7 8.
Ba4 O-O 9. Re1 d6 10. b4 Nbd7 11. d5 Nb6 12. Bb3 exd5 13. cxd5 a5 14. bxa5 Rxa5
15. Qe2 Bxd5 16. Nxd5 Nfxd5 17. Bd2 Rc5 18. a4 Bf6 19. Rac1 Nc3 20. Bxc3 Bxc3
21. Red1 Qf6 22. h4 h6 23. Qe4 g6 24. Rd3 Kg7 25. h5 Ra8 26. hxg6 fxg6 27. Qe3
Bb4 28. Rb1 Rf5 29. Nd4 Re5 30. Ne6+ Kh7 31. Qd4 Bc5 32. Nxc5 dxc5 33. Qc3 Rf5
34. Qc2 Qe7 35. Re3 Re5 36. Rg3 Qf6 37. Qd2 c4 38. Bc2 Rg5 39. Rxg5 Qxg5 40.
Qb4 Qe5 41. Re1 c5 42. Qb1 Qf6 43. Re3 Ra7 44. Qe1 Rg7 45. Re6 Qd8 46. Qe4 Qd4
47. Rxb6 Qa1+ 48. Kh2 Qd4 49. Rxg6 Qxf2 50. Rf6+ 1-0

[Event "OGD Prinsenstad-toernooi - A groep"]
[Site "Delft"]
[Date "2015.04.04"]
[Round "3.8"]
[White "Nguyen, Kevin"]
[Black "Legemaat, Gert"]
[Result "1-0"]
[WhiteElo "2029"]
[BlackElo "2255"]
[PlyCount "107"]
[EventDate "2015.04.03"]
[EventType "swiss"]
[EventRounds "6"]
[EventCountry "NED"]
[Source "DSC"]
[SourceDate "2015.07.04"]

1. e4 e6 2. d4 d5 3. Nd2 Nf6 4. Bd3 c5 5. c3 Nc6 6. Ngf3 h6 7. O-O cxd4 8. cxd4
Qb6 9. Re1 Be7 10. exd5 exd5 11. h3 Be6 12. Nf1 O-O 13. Ng3 Bd6 14. a3 Rfe8 15.
Bc2 Bxg3 16. fxg3 Bd7 17. Be3 Ne4 18. Ne5 Nxe5 19. dxe5 Qe6 20. Bb3 Bc6 21. Bf4
Qg6 22. Qd3 Rad8 23. Rad1 Kh8 24. Bc2 Rd7 25. Qd4 b6 26. b4 Rde7 27. Bb3 Nxg3
28. Bxd5 Rd7 29. Qc4 Bxd5 30. Rxd5 Qe6 31. Rd4 Rxd4 32. Qxd4 Nf5 33. Qc3 Rc8
34. Qd2 Qc4 35. Rc1 Qxc1+ 36. Qxc1 Rxc1+ 37. Bxc1 b5 38. Kf2 a6 39. Kf3 Kg8 40.
Ke4 Ne7 41. Kd4 Kf8 42. Kc5 Ng6 43. Kb6 Nxe5 44. Kxa6 Ke7 45. Kxb5 Kd7 46. a4
Kc8 47. Bb2 Nd3 48. Bxg7 h5 49. Bh6 f5 50. Kc4 Ne1 51. g3 Nf3 52. Kd5 h4 53.
gxh4 Nxh4 54. Ke5 1-0

[Event "OGD Prinsenstad-toernooi - A groep"]
[Site "Delft"]
[Date "2015.04.04"]
[Round "3.9"]
[White "Vereggen, Lars"]
[Black "Schroer, Marcel"]
[Result "1-0"]
[WhiteElo "2255"]
[BlackElo "2208"]
[PlyCount "71"]
[EventDate "2015.04.03"]
[EventType "swiss"]
[EventRounds "6"]
[EventCountry "NED"]
[Source "DSC"]
[SourceDate "2015.07.04"]

1. d4 g6 2. c4 Bg7 3. Nc3 Nf6 4. e4 d6 5. f3 O-O 6. Be3 c5 7. Nge2 Qa5 8. Nc1
cxd4 9. Nb3 Qd8 10. Nxd4 Bd7 11. Qd2 Nc6 12. O-O-O Rc8 13. Nxc6 Bxc6 14. g4 Qa5
15. Kb1 Rfe8 16. Bd4 a6 17. g5 Nd7 18. Bxg7 Kxg7 19. h4 b5 20. Qd4+ Kg8 21. h5
b4 22. hxg6 fxg6 23. Nd5 Qc5 24. Qd2 Bxd5 25. exd5 Nf8 26. Bh3 Rc7 27. Rhe1 Ra7
28. Re4 a5 29. Rh1 a4 30. Bg4 a3 31. b3 e5 32. dxe6 Rae7 33. Rhe1 Rd8 34. Rd4
Kg7 35. Rd5 Qc8 36. c5 1-0

[Event "OGD Prinsenstad-toernooi - A groep"]
[Site "Delft"]
[Date "2015.04.04"]
[Round "3.10"]
[White "Jackson, Oliver"]
[Black "Ypma, Peter"]
[Result "0-1"]
[WhiteElo "2100"]
[BlackElo "2243"]
[PlyCount "52"]
[EventDate "2015.04.03"]
[EventType "swiss"]
[EventRounds "6"]
[EventCountry "NED"]
[Source "DSC"]
[SourceDate "2015.07.04"]

1. e4 c5 2. Nc3 g6 3. f4 Bg7 4. Nf3 Nc6 5. Bb5 Nd4 6. a4 e6 7. O-O Ne7 8. e5
Nxf3+ 9. Qxf3 a6 10. Bc4 d5 11. exd6 Qxd6 12. d3 O-O 13. Ne4 Qc7 14. c3 b6 15.
Qf2 Bb7 16. Be3 Nf5 17. g4 Nd6 18. Nxd6 Qxd6 19. h3 Rad8 20. a5 Qc6 21. Kh2 b5
22. Bb3 Rxd3 23. Bxc5 Bf6 24. Bxf8 Bh4 25. Bh6 Bxf2 26. Rxf2 Qc5 0-1

[Event "OGD Prinsenstad-toernooi - A groep"]
[Site "Delft"]
[Date "2015.04.04"]
[Round "3.11"]
[White "Van den Berg, Bram"]
[Black "Woestenburg, Jochem"]
[Result "1-0"]
[WhiteElo "2208"]
[BlackElo "2055"]
[PlyCount "81"]
[EventDate "2015.04.03"]
[EventType "swiss"]
[EventRounds "6"]
[EventCountry "NED"]
[Source "DSC"]
[SourceDate "2015.07.04"]

1. e4 e6 2. Nf3 d5 3. e5 c5 4. b4 d4 5. bxc5 Bxc5 6. Bd3 Nc6 7. O-O Nge7 8. Qe2
Ng6 9. g3 O-O 10. h4 f5 11. exf6 Qxf6 12. Ng5 Nce5 13. Qh5 h6 14. Bxg6 Qxg6 15.
Qxg6 Nxg6 16. Ne4 Bb6 17. Na3 Ne5 18. f4 Ng4 19. Nc4 Bd7 20. Ba3 Rfc8 21. d3
Rxc4 22. dxc4 Bc6 23. Nd6 Ba5 24. Rab1 Bd2 25. Bc1 Be3+ 26. Bxe3 dxe3 27. c5
Rd8 28. Rfe1 b6 29. Nc4 bxc5 30. Nxe3 Nxe3 31. Rxe3 Rd2 32. Rb8+ Kf7 33. Rc8
Bd5 34. Rxc5 Bxa2 35. c4 Rc2 36. Ra3 Rxc4 37. Rxa7+ Kf6 38. Rxc4 Bxc4 39. Kf2
g5 40. fxg5+ hxg5 41. h5 1-0

[Event "OGD Prinsenstad-toernooi - A groep"]
[Site "Delft"]
[Date "2015.04.04"]
[Round "3.12"]
[White "Kokje, Joris"]
[Black "Hackner, Oskar"]
[Result "0-1"]
[WhiteElo "1979"]
[BlackElo "2175"]
[PlyCount "98"]
[EventDate "2015.04.03"]
[EventType "swiss"]
[EventRounds "6"]
[EventCountry "NED"]
[Source "DSC"]
[SourceDate "2015.07.04"]

1. d4 Nf6 2. c4 e6 3. g3 d5 4. Bg2 dxc4 5. Nf3 c5 6. Qa4+ Bd7 7. Qxc4 Nc6 8.
dxc5 Qa5+ 9. Bd2 Qxc5 10. Qxc5 Bxc5 11. Nc3 Rc8 12. O-O O-O 13. Rfd1 Rfd8 14.
Bg5 Be7 15. Rd2 Be8 16. Rad1 Rxd2 17. Rxd2 Kf8 18. Nd4 Na5 19. Bf3 h6 20. Bxf6
Bxf6 21. Ndb5 a6 22. Nd6 Bxc3 23. bxc3 Rc7 24. Rb2 b5 25. a4 bxa4 26. Nxe8 Kxe8
27. Ra2 Rc4 28. e3 Nb3 29. Rxa4 Rxa4 30. Bc6+ Ke7 31. Bxa4 Nc5 32. Bc2 a5 33.
Kf1 a4 34. Ke2 a3 35. Bb1 Ne4 36. Kd3 Nxf2+ 37. Kc4 Ng4 38. e4 Nxh2 39. Kb5 Kd7
40. Kb6 Nf3 41. c4 Ne5 42. c5 h5 43. Ba2 g5 44. Kb7 h4 45. Bc4 Nxc4 46. c6+ Ke7
47. Kb8 f6 48. e5 fxe5 49. c7 Nd6 0-1

[Event "OGD Prinsenstad-toernooi - A groep"]
[Site "Delft"]
[Date "2015.04.04"]
[Round "4.1"]
[White "Khenkin, Igor"]
[Black "Kravtsiv, Martyn"]
[Result "1/2-1/2"]
[WhiteElo "2590"]
[BlackElo "2583"]
[PlyCount "77"]
[EventDate "2015.04.03"]
[EventType "swiss"]
[EventRounds "6"]
[EventCountry "NED"]
[Source "DSC"]
[SourceDate "2015.07.04"]

1. d4 Nf6 2. c4 e6 3. Nf3 d5 4. Nc3 Be7 5. cxd5 exd5 6. Bg5 c6 7. Qc2 g6 8. e4
dxe4 9. Bxf6 Bxf6 10. Qxe4+ Qe7 11. Bc4 Bf5 12. Qxe7+ Bxe7 13. O-O O-O 14. Rfe1
Bf6 15. h3 h5 16. Ne5 Nd7 17. Ne4 Bxe5 18. dxe5 Nxe5 19. Nf6+ Kg7 20. Nxh5+
gxh5 21. Rxe5 Kf6 22. Rae1 Rad8 23. R5e3 Bg6 24. Re7 Rd1 25. Rxd1 Kxe7 26. h4
a5 27. Be2 Re8 28. Kf1 Kf6 29. Rd7 Re7 30. Rxe7 Kxe7 31. g4 hxg4 32. Bxg4 f5
33. Bf3 Kf6 34. Ke2 Ke5 35. Kd3 Bf7 36. a3 Kf4 37. Be2 c5 38. Kc3 b6 39. a4
1/2-1/2

[Event "OGD Prinsenstad-toernooi - A groep"]
[Site "Delft"]
[Date "2015.04.04"]
[Round "4.2"]
[White "Haslinger, Stewart"]
[Black "Van Dijk, Harold"]
[Result "1-0"]
[WhiteElo "2526"]
[BlackElo "2295"]
[PlyCount "63"]
[EventDate "2015.04.03"]
[EventType "swiss"]
[EventRounds "6"]
[EventCountry "NED"]
[Source "DSC"]
[SourceDate "2015.07.04"]

1. e4 Nc6 2. Nf3 e5 3. Bc4 Nf6 4. d3 Be7 5. O-O d6 6. a4 h6 7. Re1 Bg4 8. c3
Qd7 9. Nbd2 g5 10. a5 a6 11. Nf1 Bh5 12. Ng3 Bg6 13. d4 exd4 14. Nxd4 Nxd4 15.
Qxd4 c5 16. Qd1 Ng4 17. f4 gxf4 18. Bxf4 Bg5 19. e5 dxe5 20. Bxg5 hxg5 21. h3
Qxd1 22. Raxd1 Nf6 23. Rxe5+ Kf8 24. Rxg5 Rc8 25. Rd6 Ne8 26. Rd7 Rh4 27. Rxg6
Rxc4 28. Rb6 Rb8 29. Nf5 Ng7 30. Rh6 Kg8 31. Ne7+ Kf8 32. Rh8# 1-0

[Event "OGD Prinsenstad-toernooi - A groep"]
[Site "Delft"]
[Date "2015.04.04"]
[Round "4.3"]
[White "Reinderman, Dimitri"]
[Black "Slingerland, Fred"]
[Result "1-0"]
[WhiteElo "2574"]
[BlackElo "2300"]
[PlyCount "107"]
[EventDate "2015.04.03"]
[EventType "swiss"]
[EventRounds "6"]
[EventCountry "NED"]
[Source "DSC"]
[SourceDate "2015.07.04"]

1. c4 c5 2. Nf3 Nf6 3. Nc3 Nc6 4. g3 g6 5. d4 cxd4 6. Nxd4 Nxd4 7. Qxd4 Bg7 8.
Bg2 O-O 9. O-O d6 10. Qd3 a6 11. Bd2 Rb8 12. a4 Bd7 13. a5 Qc7 14. b3 Rfc8 15.
Ra2 Bc6 16. e4 Nd7 17. Rb1 Nc5 18. Qe2 b5 19. cxb5 Bxb5 20. Nxb5 Rxb5 21. b4
Ne6 22. Bf1 Qa7 23. Qd1 Rb7 24. Be3 Bd4 25. Bxd4 Nxd4 26. Bxa6 Qxa6 27. Qxd4
Rc4 28. Qb2 Rb5 29. Qe2 Re5 30. Qf1 Qb5 31. a6 Rc8 32. Qxb5 Rxb5 33. Ra5 Rxa5
34. bxa5 Ra8 35. Rb6 f5 36. f3 fxe4 37. fxe4 Kf7 38. Kf2 Ra7 39. Ke3 Rc7 40.
Rb7 Rc5 41. a7 Rxa5 42. Kd4 Kf6 43. Kc4 e6 44. Kb4 Ra1 45. Rxh7 Ke5 46. Kb5
Rb1+ 47. Kc6 Rc1+ 48. Kb7 Rb1+ 49. Kc8 Ra1 50. Re7 Kf6 51. Rd7 Ke5 52. Kb8 Rb1+
53. Rb7 Ra1 54. Rb6 1-0

[Event "OGD Prinsenstad-toernooi - A groep"]
[Site "Delft"]
[Date "2015.04.04"]
[Round "4.4"]
[White "Van den Doel, Erik"]
[Black "Vereggen, Lars"]
[Result "1/2-1/2"]
[WhiteElo "2553"]
[BlackElo "2255"]
[PlyCount "159"]
[EventDate "2015.04.03"]
[EventType "swiss"]
[EventRounds "6"]
[EventCountry "NED"]
[Source "DSC"]
[SourceDate "2015.07.04"]

1. e4 c5 2. Nf3 d6 3. Bb5+ Nd7 4. O-O Ngf6 5. Re1 a6 6. Bf1 e6 7. c3 Be7 8. d4
O-O 9. e5 Nd5 10. c4 Nc7 11. exd6 Bxd6 12. Bg5 f6 13. Bh4 cxd4 14. Nxd4 Nb8 15.
Bd3 g6 16. Nc3 e5 17. Nc2 Be6 18. Be4 Nc6 19. Qf3 g5 20. Bg3 Qe8 21. Nd5 Qf7
22. Rad1 Rad8 23. Nxf6+ Qxf6 24. Qxf6 Rxf6 25. Bxc6 bxc6 26. Bxe5 Be7 27. Nd4
Bxc4 28. Bxc7 Rd7 29. Rxe7 Rxe7 30. Bd8 Kf7 31. b3 Bd5 32. f3 a5 33. h3 Rd7 34.
Bxf6 Kxf6 35. Rc1 Ra7 36. Rc2 Ra6 37. Kf2 a4 38. b4 a3 39. b5 cxb5 40. Nxb5 Bb3
41. Rc3 Bxa2 42. Nxa3 Be6 43. Kg3 Ra4 44. Nb5 h5 45. Nd6 Bd5 46. Rc5 h4+ 47.
Kh2 Ba8 48. Nc4 Ra2 49. Ne3 Kg6 50. Ng4 Kh5 51. Rf5 Kg6 52. Rb5 Ra6 53. Ne5+
Kf6 54. Nd7+ Kg6 55. Rb2 Bd5 56. Kg1 Ra1+ 57. Kf2 Ra2 58. Rxa2 Bxa2 59. Ke3 Kf5
60. Nc5 Bc4 61. Ne4 Ba6 62. Nd2 Bb5 63. Nb3 Ba6 64. Nc5 Bb5 65. Nd3 Ba6 66. Kd4
Bb5 67. Ke3 Ba6 68. Nc5 Bb5 69. Ne4 Ba6 70. Kf2 Bd3 71. g4+ hxg3+ 72. Kxg3 Be2
73. Nc3 Bc4 74. Nd1 Ba6 75. Ne3+ Kg6 76. Nc2 Bc8 77. Ne3 Be6 78. Ng4 Bc8 79.
Kf2 Kh5 80. Kg3 1/2-1/2

[Event "OGD Prinsenstad-toernooi - A groep"]
[Site "Delft"]
[Date "2015.04.04"]
[Round "4.5"]
[White "Ypma, Peter"]
[Black "De Jong, Migchiel"]
[Result "0-1"]
[WhiteElo "2243"]
[BlackElo "2330"]
[PlyCount "71"]
[EventDate "2015.04.03"]
[EventType "swiss"]
[EventRounds "6"]
[EventCountry "NED"]
[Source "DSC"]
[SourceDate "2015.07.04"]

1. e4 e6 2. b3 b6 3. d4 d5 4. Bd3 Nf6 5. e5 Nfd7 6. Qe2 c5 7. c3 Nc6 8. Be3
cxd4 9. Bxd4 Qc7 10. Nf3 g5 11. h3 Bg7 12. O-O Ndxe5 13. Nxe5 Bxe5 14. Bb5 Bxd4
15. cxd4 Bd7 16. Rc1 Qd6 17. Qe3 f6 18. h4 h6 19. Nc3 Kf7 20. h5 Ne7 21. a4 a6
22. Bd3 Rhc8 23. Qe2 Qb4 24. Na2 Qxd4 25. Bxa6 Rc5 26. Rd1 Qf4 27. b4 Rc7 28.
g3 Qe5 29. Qd3 Qf5 30. b5 Qxd3 31. Rxd3 Rc4 32. a5 bxa5 33. Nc3 Bc8 34. Rxa5
Nc6 35. Ra1 Nb4 36. Na4 0-1

[Event "OGD Prinsenstad-toernooi - A groep"]
[Site "Delft"]
[Date "2015.04.04"]
[Round "4.6"]
[White "Van den Berg, Bram"]
[Black "L'Ami, Erwin"]
[Result "1/2-1/2"]
[WhiteElo "2208"]
[BlackElo "2601"]
[PlyCount "76"]
[EventDate "2015.04.03"]
[EventType "swiss"]
[EventRounds "6"]
[EventCountry "NED"]
[Source "DSC"]
[SourceDate "2015.07.04"]

1. e4 e5 2. Nf3 Nc6 3. d4 exd4 4. c3 d5 5. exd5 Qxd5 6. cxd4 Bg4 7. Be2 Bb4+ 8.
Nc3 Bxf3 9. Bxf3 Qc4 10. Qb3 Qxb3 11. axb3 Nge7 12. O-O O-O-O 13. Bxc6 Nxc6 14.
d5 Bxc3 15. dxc6 Bd4 16. Be3 bxc6 17. Bxd4 Rxd4 18. Rxa7 Kd7 19. Ra4 Rd2 20. h4
Re8 21. Rf4 f6 22. h5 h6 23. b4 Rd5 24. g4 Re2 25. Rb1 Red2 26. Kg2 R5d4 27.
Rxd4+ Rxd4 28. Kg3 Rxb4 29. Rd1+ Ke6 30. Re1+ Kf7 31. Rc1 Rxb2 32. Rxc6 Rb7 33.
f4 Ke7 34. g5 fxg5 35. fxg5 hxg5 36. Kg4 Kf7 37. Kxg5 Kg8 38. Kf5 Kh7 1/2-1/2

[Event "OGD Prinsenstad-toernooi - A groep"]
[Site "Delft"]
[Date "2015.04.04"]
[Round "4.7"]
[White "Hackner, Oskar"]
[Black "Miedema, David"]
[Result "0-1"]
[WhiteElo "2175"]
[BlackElo "2324"]
[PlyCount "100"]
[EventDate "2015.04.03"]
[EventType "swiss"]
[EventRounds "6"]
[EventCountry "NED"]
[Source "DSC"]
[SourceDate "2015.07.04"]

1. d4 e6 2. c4 d5 3. Nc3 c5 4. cxd5 exd5 5. Nf3 Nc6 6. g3 Nf6 7. Bg2 Be7 8. O-O
O-O 9. Bg5 c4 10. Ne5 h6 11. Bf4 Be6 12. Nxc4 dxc4 13. d5 Nxd5 14. Nxd5 Bg5 15.
Rc1 Ne7 16. Nxe7+ Qxe7 17. Bd6 Qd8 18. Bxf8 Qxf8 19. e3 Qb4 20. Rc2 Bf6 21. Qd2
Qb6 22. Bd5 Rd8 23. e4 Qc5 24. Rd1 b5 25. a3 Bg4 26. Ra1 Bh3 27. Qb4 Rxd5 28.
Qxc5 Rxc5 29. Rd1 Bg4 30. Rd6 Bf3 31. Rd5 Rxd5 32. exd5 Bxd5 33. f4 a5 34. Kf2
b4 35. axb4 axb4 36. Ke3 c3 37. bxc3 bxc3 38. Kd3 Bb3 39. Rxc3 Bxc3 40. Kxc3
Be6 41. Kd4 g5 42. Ke4 Kg7 43. Ke5 Kg6 44. Ke4 f6 45. Kf3 Bd5+ 46. Ke3 Kf5 47.
fxg5 hxg5 48. Kf2 Kg4 49. Kf1 Kh3 50. Kg1 Bc6 0-1